Movies Quiz

Random Movies or Animation Quiz
Score 0/12 Timer 03:00
1 Play Today
% Correct
Flounder
95.4%
Frozone
90.8%
Flynn
89.3%
Flik
88.3%
Figaro
82.2%
Facilier
81.6%
Flora
78.5%
Fidget
72.4%
Fifi
68.1%
Faline
63.2%
Finnick
61.9%
Frou-Frou
61.9%
Remove Ads.
Support Sporcle.
Get the best of Sporcle when you Go Orange. This ad-free experience offers more features, more stats, and more fun while also helping to support Sporcle. Thank you for becoming a member.

You're not logged in!

Compare scores with friends on all Sporcle quizzes.
OR
Log In

Show Comments

Extras

Top Quizzes Today


Score Distribution

Your Account Isn't Verified!

In order to create a playlist on Sporcle, you need to verify the email address you used during registration. Go to your Sporcle Settings to finish the process.

Report this User

Report this user for behavior that violates our Community Guidelines.

Details: